[Event "III Copa Marcel Duchamp 2019"]
[Site "Montevideo"]
[Date "2019.02.16"]
[Round "9.25"]
[White "Soto, Nicolas"]
[Black "Ramos Correa, Gabriel"]
[Result "1/2-1/2"]
[WhiteElo "1982"]
[BlackElo "1920"]
[Annotator "NA"]
[PlyCount "95"]
[EventDate "2019.02.09"]
[EventType "swiss"]
[EventCountry "URU"]
[SourceTitle "playchess.com"]
[Source "ChessBase"]
[SourceQuality "1"]
[TimeControl "5400+30"]

1. e4 c5 2. Nf3 d6 3. d4 cxd4 4. Nxd4 Nf6 5. Nc3 a6 6. f3 e6 7. Be3 Be7 8. Qd2 O-O 9. g4 Nc6 10. O-O-O Nxd4 11. Bxd4 b5 12. g5 Nd7 13. h4 Bb7 14. Bd3 b4 15. Ne2 a5 16. Kb1 Rc8 17. Rhg1 Ne5 18. Qe3 Nxd3 19. Qxd3 Qc7 20. Bf6 d5 21. e5 Kh8 22. Bxe7 Qxe7 23. h5 a4 24. Rg4 Qc5 25. Nd4 Ra8 26. Qb5 Qe7 27. Nc6 Bxc6 28. Qxc6 Rfc8 29. Qb6 Rab8 30. Qa5 Qc7 31. Qxc7 Rxc7 32. Rdd4 Rcb7 33. Kc1 Kg8 34. h6 g6 35. Rgf4 Kf8 36. b3 axb3 37. axb3 Ke7 38. Kb2 Kf8 39. Rd1 Rc7 40. Rfd4 Ra7 41. Ra1 Rc7 42. Ra4 Rbc8 43. Rd2 Rb8 44. f4 Ke7 45. Rd4 Rbc8 46. Rd2 Rb8 47. Rd4 Rbc8 48. Rd2 1/2-1/2

[Event "III Copa Marcel Duchamp 2019"]
[Site "Montevideo"]
[Date "2019.02.16"]
[Round "9.27"]
[White "Araque, Jairo"]
[Black "Manteiga, Franco"]
[Result "1-0"]
[WhiteElo "1961"]
[BlackElo "1502"]
[Annotator "NA"]
[PlyCount "49"]
[EventDate "2019.02.09"]
[EventType "swiss"]
[EventCountry "URU"]
[SourceTitle "playchess.com"]
[Source "ChessBase"]
[SourceQuality "1"]
[TimeControl "5400+30"]

1. d4 d5 2. Bf4 Nf6 3. e3 e6 4. Nf3 Bd6 5. Bg3 c5 6. c3 Nc6 7. Nbd2 O-O 8. Bd3 b6 9. Ne5 Bb7 10. f4 Qc7 11. O-O c4 12. Bc2 b5 13. Bh4 Be7 14. Qf3 Nxe5 15. fxe5 Ne8 16. Qh3 Bxh4 17. Qxh4 h6 18. Rf3 Qd8 19. Qh3 a5 20. Rg3 Kh8 21. Rf1 Qe7 22. Rf4 f6 23. Rh4 f5 24. Rxh6+ Kg8 25. Rh8+ 1-0

[Event "III Copa Marcel Duchamp 2019"]
[Site "Montevideo"]
[Date "2019.02.16"]
[Round "9.28"]
[White "El Ters, Antouan"]
[Black "Baudel, Simon"]
[Result "1-0"]
[WhiteElo "2205"]
[BlackElo "1847"]
[Annotator "NA"]
[PlyCount "53"]
[EventDate "2019.02.09"]
[EventType "swiss"]
[EventCountry "URU"]
[SourceTitle "playchess.com"]
[Source "ChessBase"]
[SourceQuality "1"]
[TimeControl "5400+30"]

1. e4 d5 2. exd5 Nf6 3. Bb5+ Bd7 4. Bc4 Bg4 5. f3 Bf5 6. Nc3 c6 7. dxc6 Nxc6 8. d3 Qb6 9. g4 Bg6 10. g5 Nd7 11. Nd5 Qd8 12. Bf4 e5 13. Be3 Ne7 14. Qd2 Nf5 15. Bf2 h6 16. O-O-O Qxg5 17. f4 Qd8 18. Re1 f6 19. fxe5 fxe5 20. Nf3 Bd6 21. Rhg1 Bf7 22. d4 O-O 23. dxe5 Rc8 24. Bb3 Nc5 25. exd6 Nxb3+ 26. axb3 Qxd6 27. Ne7+ 1-0

[Event "III Copa Marcel Duchamp 2019"]
[Site "Montevideo"]
[Date "2019.02.16"]
[Round "9.29"]
[White "Palacio, Enzo"]
[Black "Munoz Perez, Rolando"]
[Result "0-1"]
[WhiteElo "1626"]
[BlackElo "2130"]
[Annotator "NA"]
[PlyCount "76"]
[EventDate "2019.02.09"]
[EventType "swiss"]
[EventCountry "URU"]
[SourceTitle "playchess.com"]
[Source "ChessBase"]
[SourceQuality "1"]
[TimeControl "5400+30"]

1. e4 e5 2. Nf3 d6 3. d4 Nf6 4. Nc3 Nbd7 5. Bc4 Be7 6. O-O O-O 7. a4 c6 8. h3 b6 9. Qe2 a6 10. Rd1 Qc7 11. d5 cxd5 12. Bxd5 Bb7 13. Bxb7 Qxb7 14. Bg5 Rfc8 15. Nd5 Nxd5 16. Rxd5 Bf8 17. Nh2 h6 18. Bh4 g5 19. Bg3 Nf6 20. Rad1 Nxd5 21. Rxd5 f5 22. Qh5 Qf7 23. Qxf7+ Kxf7 24. exf5 Rxc2 25. Nf3 Rxb2 26. h4 g4 27. Nd2 Rc8 28. Ne4 Rc1+ 29. Kh2 Rbb1 30. Bxe5 Rd1 31. Nxd6+ Bxd6 32. Rxd6 Rxd6 33. Bxd6 Kf6 34. Bf4 h5 35. Be3 Kxf5 36. Kg3 Rb3 37. Kh2 Rxe3 38. fxe3 b5 0-1

[Event "III Copa Marcel Duchamp 2019"]
[Site "Montevideo"]
[Date "2019.02.16"]
[Round "9.30"]
[White "Vazquez, Facundo"]
[Black "Schnaider, Ilan"]
[Result "1-0"]
[WhiteElo "2019"]
[BlackElo "1825"]
[Annotator "NA"]
[PlyCount "105"]
[EventDate "2019.02.09"]
[EventType "swiss"]
[EventCountry "URU"]
[SourceTitle "playchess.com"]
[Source "ChessBase"]
[SourceQuality "1"]
[TimeControl "5400+30"]

1. d4 Nf6 2. c4 g6 3. g3 Bg7 4. Bg2 O-O 5. Nc3 d6 6. Nf3 Nbd7 7. O-O Re8 8. e4 c5 9. d5 Nb6 10. Qd3 e6 11. Bf4 exd5 12. cxd5 a6 13. Rfe1 Ng4 14. a4 Ne5 15. Nxe5 Bxe5 16. Bxe5 dxe5 17. a5 Nd7 18. Qe3 Qe7 19. Red1 Qd6 20. Na4 c4 21. Qc3 b5 22. axb6 Nxb6 23. Nxb6 Qxb6 24. Ra4 Qb3 25. Rda1 Rb8 26. Rxc4 Qxb2 27. Qxb2 Rxb2 28. Rc7 Rb7 29. Rc6 Rb4 30. f3 Bb7 31. Rc7 Rc8 32. Re7 Kf8 33. Rxe5 f6 34. Re6 Kf7 35. Bh3 Rd8 36. d6 Rb6 37. Re7+ Kf8 38. Rxh7 Rdxd6 39. Rc1 Rdc6 40. Rd1 Kg8 41. Rdd7 Rc1+ 42. Kf2 Bc8 43. Rdg7+ Kf8 44. Bxc8 Rxc8 45. Rxg6 Rc3 46. g4 a5 47. Ra7 Ra3 48. Rh6 Kg8 49. Rg6+ Kf8 50. Rh6 Kg8 51. Rh5 Rb2+ 52. Kg3 Rbb3 53. Rf5 1-0

[Event "III Copa Marcel Duchamp 2019"]
[Site "Montevideo"]
[Date "2019.02.16"]
[Round "9.31"]
[White "Cardozo, Camila"]
[Black "Siddeley, Hugh"]
[Result "0-1"]
[WhiteElo "1459"]
[BlackElo "1968"]
[Annotator "NA"]
[PlyCount "71"]
[EventDate "2019.02.09"]
[EventType "swiss"]
[EventCountry "URU"]
[SourceTitle "playchess.com"]
[Source "ChessBase"]
[SourceQuality "1"]
[TimeControl "5400+30"]

1. d4 Nf6 2. Nf3 d5 3. Bf4 c5 4. e3 Nc6 5. c3 Qb6 6. b3 Bg4 7. h3 Bxf3 8. Qxf3 cxd4 9. exd4 e6 10. Nd2 Rc8 11. Be2 Be7 12. O-O O-O 13. Qg3 Kh8 14. Bg5 Nb8 15. Rac1 Nbd7 16. Qh4 a6 17. Bd3 g6 18. Bh6 Ng8 19. Bg5 Bxg5 20. Qxg5 Qa5 21. c4 Qxa2 22. cxd5 exd5 23. Rxc8 Rxc8 24. Qxd5 Ngf6 25. Qg5 Qb2 26. Bc4 Kg7 27. Qf4 b5 28. Rb1 Qc2 29. Bf1 Nd5 30. Qd6 N5b6 31. Qf4 Nf6 32. Ra1 Nbd5 33. Qg5 h6 34. Qe5 Qxd2 35. Rxa6 Rc2 36. Qd6 0-1

[Event "III Copa Marcel Duchamp 2019"]
[Site "Montevideo"]
[Date "2019.02.16"]
[Round "9.32"]
[White "Muzzi, Eduardo"]
[Black "Alvarez, Miguel"]
[Result "1/2-1/2"]
[WhiteElo "1954"]
[BlackElo "1790"]
[Annotator "NA"]
[PlyCount "42"]
[EventDate "2019.02.09"]
[EventType "swiss"]
[EventCountry "URU"]
[SourceTitle "playchess.com"]
[Source "ChessBase"]
[SourceQuality "1"]
[TimeControl "5400+30"]

1. e4 Nf6 2. e5 Nd5 3. d4 d6 4. c4 Nb6 5. exd6 cxd6 6. Bd3 g6 7. Nf3 Bg7 8. Be3 O-O 9. O-O Bg4 10. Nbd2 Nc6 11. h3 Bxf3 12. Nxf3 d5 13. c5 Nc4 14. Bxc4 dxc4 15. Rc1 Qd5 16. Qe2 Nxd4 17. Nxd4 Bxd4 18. Rfd1 e5 19. Bxd4 exd4 20. Rxc4 Rfe8 21. Qd3 Re4 1/2-1/2